00534nam a2200193 a 4500001001300000003000900013005001700022008004100039020002300080082001300103100002100116245007500137260003200212300000900244500003500253505001000288650002100298700002100319nice12345678IN_TiNIC20260116012726.0050524s1987 mysa grp 000 0 eng  a0890815 c10000a241bYOU aYoussef, Michael aHe`ism Versus Me`ismb the Biblical Solution to the Problem of Selfism aMysore bNo Publisherc1987 a165p aincludes index and biblioraphy2 aNotes aChristian-Ethics1 aYoussef, Michael